000
00290nam a22001217a 4500
020
_a
071673771x
100
_a
ANTHONY J. F. GRIFFITHS
245
_a
AN INTRODUCTION TO GENETICS ANALYSIS
250
_a
SEVENTH
260
_a
NEW YORK
_b
W.H. FREEMAN
_c
1999
300
_a
860
_b
ILL
942
_c
BK
999
_c
251905
_d
251904